[Event "Mumbai Wealth op"]
[Site "Mumbai"]
[Date "2016.02.01"]
[Round "5"]
[White "Khandelwal, Khushi"]
[Black "Bartakke, Amardeep S"]
[Result "0-1"]
[WhiteElo "1684"]
[BlackElo "2084"]
[PlyCount "74"]
[EventDate "2016.01.28"]
[EventType "swiss"]
[EventRounds "9"]
[EventCountry "IND"]
[SourceTitle "CBM 170 Extra"]
[Source "ChessBase"]
[SourceDate "2016.02.25"]
[SourceVersion "1"]
[SourceVersionDate "2016.02.25"]
[SourceQuality "1"]

1. e4 c5 2. Nc3 a6 3. a4 Nc6 4. f4 g6 5. Nf3 Bg7 6. Bc4 e6 7. 0-0 Nge7 8. e5 d5 9. exd6 Qxd6 10. d3 b6 11. Ne4 Qc7 12. c3 0-0 13. Qe1 Bb7 14. Qh4 Nf5 15. Qh3 Na5 16. Ba2 c4 17. Bxc4 Nxc4 18. dxc4 Qxc4 19. Nf2 Rad8 20. g4 Nd6 21. Be3 Ne4 22. Nxe4 Bxe4 23. Ng5 h6 24. Nxe4 Qxe4 25. Qf3 Qc2 26. Rf2 Qb3 27. f5 exf5 28. gxf5 Rfe8 29. Bf4 g5 30. Rg2 Qc4 31. Bg3 Rd3 32. Qf2 Bf8 33. Qc2 Qd5 34. Rf1 Bc5+ 35. Kh1 Ree3 36. Bf2 Rd2 37. Qc1 Ree2 0-1

[Event "IND-chB (Women) 41st"]
[Site "Mapusa"]
[Date "2014.09.07"]
[Round "1"]
[White "Monnisha, GK."]
[Black "Khandelwal, Khushi"]
[Result "1-0"]
[WhiteElo "2078"]
[BlackElo "1359"]
[PlyCount "111"]
[EventDate "2014.09.07"]
[EventType "swiss"]
[EventRounds "11"]
[EventCountry "IND"]
[SourceTitle "CBM 162 Extra"]
[Source "ChessBase"]
[SourceDate "2014.10.17"]
[SourceVersion "1"]
[SourceVersionDate "2014.10.17"]
[SourceQuality "1"]

1. e4 d5 2. exd5 Nf6 3. d4 Nxd5 4. c4 Nb6 5. Nc3 g6 6. Be3 Bg7 7. h3 0-0 8. Nf3 Nc6 9. Rc1 e5 10. d5 Ne7 11. Be2 Nf5 12. Bg5 f6 13. Bd2 Re8 14. c5 Nd7 15. Ne4 Nd4 16. Bc4 Kh8 17. 0-0 b6 18. b4 h6 19. d6 Bb7 20. Nxd4 exd4 21. dxc7 Qxc7 22. Nd6 Re7 23. Nxb7 Qxb7 24. c6 Qxc6 25. Bd3 Qd5 26. Bxg6 Rg8 27. Bh5 Ne5 28. f4 Bf8 29. Bf3 Nxf3+ 30. Qxf3 Qxa2 31. Rf2 Reg7 32. f5 Rg3 33. Qe4 Rxh3 34. Qxd4 Qf7 35. Bc3 Be7 36. Re1 Rhg3 37. Qd2 R3g5 38. Qb2 Bd8 39. Rd1 Kg7 40. Rfd2 Be7 41. Rf2 Bd8 42. Rfd2 Be7 43. Rf2 Bd8 44. Qe2 Kh8 45. Qe6 Qg7 46. Rdd2 h5 47. Kf1 Kh7 48. Rd7 Rg3 49. Rxg7+ R8xg7 50. Bxf6 Bxf6 51. Qxf6 R3g5 52. Qe6 h4 53. f6 R5g6 54. Qe8 Rg8 55. f7 Rxe8 56. fxe8Q 1-0